[Event "Oslo Sveins op 11th"]
[Site "Oslo"]
[Date "2018.06.24"]
[Round "4"]
[White "Sebastian, Andreas"]
[Black "Greibrokk, Maria"]
[Result "1-0"]
[WhiteElo "1946"]
[BlackElo "1723"]
[PlyCount "41"]
[EventDate "2018.06.22"]
[EventType "swiss"]
[EventRounds "9"]
[EventCountry "NOR"]
[SourceTitle "CBM 185 Extra"]
[Source "ChessBase"]
[SourceDate "2018.07.29"]
[SourceVersion "1"]
[SourceVersionDate "2018.07.29"]
[SourceQuality "1"]

1. c4 Nf6 2. Nc3 g6 3. g3 Bg7 4. Bg2 d6 5. d3 0-0 6. Bg5 c5 7. Qd2 Nc6 8. Nf3 Rb8 9. 0-0 a6 10. Nd5 e6 11. Nxf6+ Bxf6 12. Qf4 Bxg5 13. Nxg5 h6 14. Ne4 Nd4 15. Qxh6 Nf5 16. Qf4 b5 17. g4 Nd4 18. Qh6 Nxe2+ 19. Kh1 Re8 20. g5 Nf4 21. Nf6+ 1-0

[Event "Oslo Sveins op 11th"]
[Site "Oslo"]
[Date "2018.06.23"]
[Round "2"]
[White "Huse, Sigurd Kjelsbol"]
[Black "Greibrokk, Maria"]
[Result "1-0"]
[WhiteElo "2029"]
[BlackElo "1723"]
[PlyCount "81"]
[EventDate "2018.06.22"]
[EventType "swiss"]
[EventRounds "9"]
[EventCountry "NOR"]
[SourceTitle "CBM 185 Extra"]
[Source "ChessBase"]
[SourceDate "2018.07.29"]
[SourceVersion "1"]
[SourceVersionDate "2018.07.29"]
[SourceQuality "1"]

1. e4 c5 2. Nf3 d6 3. Bb5+ Bd7 4. Bxd7+ Qxd7 5. 0-0 Nc6 6. c3 Nf6 7. Re1 g6 8. d4 cxd4 9. cxd4 Bg7 10. Nc3 0-0 11. Bg5 Rfd8 12. Qd2 Ne8 13. Rad1 Rac8 14. h4 h5 15. a3 Nf6 16. Nd5 Nh7 17. Bh6 Nf6 18. b4 Nxd5 19. exd5 Nb8 20. Qf4 Rc7 21. Bxg7 Kxg7 22. Ng5 Rf8 23. Re3 Qg4 24. Qxg4 hxg4 25. Rde1 Re8 26. Rg3 Nd7 27. Rxg4 Nf6 28. Rg3 Nxd5 29. h5 Rc2 30. hxg6 fxg6 31. Rf3 Nf6 32. Re6 Rcc8 33. g3 Nd5 34. Rf7+ Kh6 35. f4 Rh8 36. Nf3 Rc3 37. Kg2 Rxa3 38. Nh4 Rg8 39. Nf5+ Kh5 40. Rh7+ Kg4 41. Nh6+ 1-0

[Event "Oslo Sveins op 11th"]
[Site "Oslo"]
[Date "2018.06.22"]
[Round "1"]
[White "Greibrokk, Maria"]
[Black "Lund, Gunnar"]
[Result "0-1"]
[WhiteElo "1723"]
[BlackElo "2261"]
[PlyCount "40"]
[EventDate "2018.06.22"]
[EventType "swiss"]
[EventRounds "9"]
[EventCountry "NOR"]
[SourceTitle "CBM 185 Extra"]
[Source "ChessBase"]
[SourceDate "2018.07.29"]
[SourceVersion "1"]
[SourceVersionDate "2018.07.29"]
[SourceQuality "1"]

1. Nf3 Nf6 2. c4 e6 3. a3 d5 4. e3 c5 5. d4 cxd4 6. Nxd4 Nc6 7. cxd5 exd5 8. Nc3 Bd6 9. Be2 0-0 10. 0-0 a6 11. Bf3 Re8 12. h3 Bc7 13. Re1 Qd6 14. b3 Bd7 15. Bb2 Nxd4 16. Qxd4 Qh2+ 17. Kf1 Be5 18. Qh4 Bxc3 19. Bxc3 Bb5+ 20. Be2 Qh1# 0-1

[Event "Porto Mannu op 10th"]
[Site "Porto Mannu"]
[Date "2018.06.09"]
[Round "9"]
[White "Zgadzaj, Rafal"]
[Black "Greibrokk, Maria"]
[Result "1-0"]
[WhiteElo "2131"]
[BlackElo "1723"]
[PlyCount "81"]
[EventDate "2018.06.02"]
[EventType "swiss"]
[EventRounds "9"]
[EventCountry "ITA"]
[SourceTitle "CBM 184 Extra"]
[Source "ChessBase"]
[SourceDate "2018.06.28"]
[SourceVersion "1"]
[SourceVersionDate "2018.06.28"]
[SourceQuality "1"]

1. Nf3 Nf6 2. g3 g6 3. b3 Bg7 4. Bb2 0-0 5. Bg2 d6 6. d4 c5 7. 0-0 Nc6 8. c4 cxd4 9. Nxd4 Bd7 10. Nc3 Nxd4 11. Qxd4 Bc6 12. Nd5 Nh5 13. Qd2 Bxb2 14. Qxb2 e6 15. Ne3 Qc7 16. Rad1 Bxg2 17. Kxg2 Rad8 18. Rd2 Rd7 19. Rfd1 Rfd8 20. Qd4 Qc6+ 21. Kg1 b6 22. Ng4 e5 23. Qe3 f5 24. Nh6+ Kf8 25. Qg5 d5 26. cxd5 Rxd5 27. Rxd5 Rxd5 28. Rxd5 Qxd5 29. Nxf5 gxf5 30. Qxh5 Qf7 31. Qxf7+ Kxf7 32. Kg2 Kf6 33. Kf3 Kg5 34. h4+ Kf6 35. e4 h5 36. exf5 Kxf5 37. Ke3 Kf6 38. Ke4 Ke6 39. f3 Kf6 40. g4 hxg4 41. fxg4 1-0

[Event "Porto Mannu op 10th"]
[Site "Porto Mannu"]
[Date "2018.06.02"]
[Round "7"]
[White "Nevednichy, Vladislav"]
[Black "Greibrokk, Maria"]
[Result "1-0"]
[WhiteElo "2525"]
[BlackElo "1723"]
[PlyCount "63"]
[EventDate "2018.06.02"]
[EventType "swiss"]
[EventRounds "9"]
[EventCountry "ITA"]
[SourceTitle "CBM 184 Extra"]
[Source "ChessBase"]
[SourceDate "2018.06.28"]
[SourceVersion "1"]
[SourceVersionDate "2018.06.28"]
[SourceQuality "1"]

1. e4 e5 2. Bc4 Nf6 3. d3 Bc5 4. Nf3 Nc6 5. 0-0 0-0 6. c3 d6 7. a4 a5 8. Bg5 Be6 9. Bb5 h6 10. Bh4 Ba7 11. Nbd2 Bg4 12. h3 Bh5 13. g4 Bg6 14. Re1 Bh7 15. Bxc6 bxc6 16. Nc4 Bb6 17. Qd2 g5 18. Nxg5 Nxe4 19. dxe4 hxg5 20. Bxg5 f6 21. Bh4 Bc5 22. Nxa5 Qd7 23. b4 Ba7 24. Kg2 Rf7 25. f3 d5 26. Rad1 Rd8 27. Qa2 Kg7 28. b5 cxb5 29. Rxd5 Qe8 30. Rxd8 Qxd8 31. Nc6 Qa8 32. axb5 1-0

[Event "Wch U16 Girls"]
[Site "Montevideo"]
[Date "2017.09.23"]
[Round "8"]
[White "Greibrokk, Maria"]
[Black "Conti, Anne Marie"]
[Result "1/2-1/2"]
[WhiteElo "1692"]
[BlackElo "1854"]
[PlyCount "110"]
[EventDate "2017.09.17"]
[EventType "swiss"]
[EventRounds "11"]
[EventCountry "URU"]
[SourceTitle "CBM 180 Extra"]
[Source "ChessBase"]
[SourceDate "2017.10.06"]
[SourceVersion "1"]
[SourceVersionDate "2017.10.06"]
[SourceQuality "1"]

1. e4 c6 2. d4 d5 3. Nc3 g6 4. Nf3 Bg7 5. h3 Nh6 6. g4 f6 7. Bf4 dxe4 8. Nxe4 Nf7 9. Qd2 0-0 10. Bc4 e6 11. 0-0-0 b5 12. Bb3 a5 13. a4 bxa4 14. Bxa4 Qd5 15. Qe3 g5 16. Bg3 Na6 17. h4 h6 18. hxg5 fxg5 19. Bb3 Qb5 20. Nc3 Qb7 21. Ne4 Qe7 22. c3 a4 23. Bxa4 Nb4 24. Nc5 Nd5 25. Qd3 e5 26. Bc2 Re8 27. Rde1 Nf4 28. Bxf4 gxf4 29. Qh7+ Kf8 30. Nh4 Nh8 31. Bb3 Qg5 32. Nf3 Qg6 33. Qg8+ Ke7 34. Qc4 Kf8 35. dxe5 Ra1+ 36. Kd2 Rd8+ 37. Ke2 Rxe1+ 38. Rxe1 Bxg4 39. Qxf4+ Ke7 40. Ke3 Bxf3 41. Qh4+ Qg5+ 42. Qxg5+ hxg5 43. Kxf3 Rd2 44. Ba4 Rxb2 45. Bxc6 Ng6 46. Nd7 Nh4+ 47. Kg3 Rc2 48. Kg4 Rxc3 49. Nb8 Rb3 50. Kxg5 Nf3+ 51. Bxf3 Rxf3 52. Re2 Ke6 53. Kg4 Rf5 54. f4 Bxe5 55. Rxe5+ Rxe5 1/2-1/2

[Event "Wch U16 Girls"]
[Site "Montevideo"]
[Date "2017.09.19"]
[Round "4"]
[White "Greibrokk, Maria"]
[Black "Lauda, Victoria"]
[Result "1-0"]
[WhiteElo "1692"]
[BlackElo "1522"]
[PlyCount "77"]
[EventDate "2017.09.17"]
[EventType "swiss"]
[EventRounds "11"]
[EventCountry "URU"]
[SourceTitle "CBM 180 Extra"]
[Source "ChessBase"]
[SourceDate "2017.10.06"]
[SourceVersion "1"]
[SourceVersionDate "2017.10.06"]
[SourceQuality "1"]

1. e4 c5 2. Nf3 e6 3. d4 cxd4 4. Nxd4 Nf6 5. Bg5 Qa5+ 6. Bd2 Qb6 7. e5 Ne4 8. Be3 Bc5 9. f3 Ng5 10. Na3 Nc6 11. Nc4 Qc7 12. Nb5 Qd8 13. Bxc5 d5 14. Ncd6+ Kd7 15. h4 Rg8 16. Qd2 h6 17. hxg5 hxg5 18. Nxf7 Qa5 19. b4 Qa4 20. Nc3 Qa3 21. Rb1 b6 22. Rb3 Qxb3 23. axb3 bxc5 24. bxc5 Bb7 25. Nb5 a5 26. c4 Nb4 27. Nxg5 Kc6 28. Nxe6 Rae8 29. cxd5+ Nxd5 30. Nbd4+ Kd7 31. Bb5+ Ke7 32. Bxe8 Kxe8 33. Nb5 Ke7 34. Ned4 Nb4 35. Qg5+ Kd7 36. Qf5+ Ke7 37. Qe6+ Kf8 38. Nd6 Bd5 39. Qe8# 1-0

[Event "Tromsoe NNM Class1"]
[Site "Tromsoe"]
[Date "2017.06.05"]
[Round "6"]
[White "Johansen, Goran"]
[Black "Greibrokk, Maria"]
[Result "0-1"]
[WhiteElo "1669"]
[BlackElo "1623"]
[PlyCount "90"]
[EventDate "2017.06.02"]
[EventType "swiss"]
[EventRounds "6"]
[EventCountry "NOR"]
[SourceTitle "EXT 2024"]
[Source "ChessBase"]
[SourceDate "2023.10.10"]
[SourceVersion "1"]
[SourceVersionDate "2023.10.10"]
[SourceQuality "1"]

1. e4 c5 2. d4 cxd4 3. c3 e6 4. cxd4 Be7 5. Nf3 Nf6 6. Nc3 0-0 7. e5 Ne8 8. Bc4 d6 9. 0-0 dxe5 10. dxe5 Nc7 11. Qe2 Bd7 12. Rd1 Qc8 13. Bg5 Bxg5 14. Nxg5 Bc6 15. Qd3 g6 16. Qh3 h5 17. g4 Kg7 18. Nce4 Bxe4 19. Nxe4 Nd7 20. Nd6 hxg4 21. Qxg4 Qb8 22. f4 b5 23. Bd3 Qb6+ 24. Kh1 Nd5 25. Nxf7 Rxf7 26. Qxg6+ Kf8 27. Rg1 Ne7 28. Qh6+ Ke8 29. Rac1 a6 30. Be4 Rb8 31. Rgd1 Nf8 32. Rf1 Nf5 33. Bxf5 Rxf5 34. Rc3 Rd8 35. Qh4 Qd4 36. Qg3 Rf7 37. Qf3 Qd5 38. Qxd5 Rxd5 39. b4 Rd4 40. a3 Kd7 41. Rcf3 Ng6 42. f5 Rxf5 43. Rxf5 exf5 44. Rxf5 Rd1+ 45. Kg2 Nh4+ 0-1

[Event "Tromsoe NNM Class1"]
[Site "Tromsoe"]
[Date "2017.06.04"]
[Round "4"]
[White "Vik Hansen, Rune"]
[Black "Greibrokk, Maria"]
[Result "0-1"]
[WhiteElo "1882"]
[BlackElo "1623"]
[PlyCount "42"]
[EventDate "2017.06.02"]
[EventType "swiss"]
[EventRounds "6"]
[EventCountry "NOR"]
[SourceTitle "EXT 2024"]
[Source "ChessBase"]
[SourceDate "2023.10.10"]
[SourceVersion "1"]
[SourceVersionDate "2023.10.10"]
[SourceQuality "1"]

1. e4 c5 2. Nf3 d6 3. d4 cxd4 4. Nxd4 Nf6 5. Nc3 g6 6. Be3 Bg7 7. f3 0-0 8. Bc4 Nc6 9. Qd2 Bd7 10. 0-0-0 Rc8 11. Bb3 a6 12. g4 b5 13. Nxc6 Rxc6 14. h4 h5 15. Nd5 Nxd5 16. exd5 Rc8 17. gxh5 Bf5 18. hxg6 a5 19. a4 bxa4 20. Bxa4 Rc4 21. b3 Qb8 0-1

[Event "Fagernes TV2 Elo op"]
[Site "Fagernes"]
[Date "2017.04.12"]
[Round "5"]
[White "Lahlum, Ida"]
[Black "Greibrokk, Maria"]
[Result "1/2-1/2"]
[WhiteElo "1742"]
[BlackElo "1638"]
[PlyCount "89"]
[EventDate "2017.04.09"]
[EventType "swiss"]
[EventRounds "9"]
[EventCountry "NOR"]
[SourceTitle "CBM 177 Extra"]
[Source "ChessBase"]
[SourceDate "2017.04.27"]
[SourceVersion "1"]
[SourceVersionDate "2017.04.27"]
[SourceQuality "1"]

1. c4 e5 2. Nc3 Nf6 3. g3 Be7 4. Bg2 0-0 5. e4 d6 6. Nge2 Be6 7. d3 Nbd7 8. 0-0 c6 9. Bd2 Nc5 10. Bg5 Nfxe4 11. Bxe7 Nxc3 12. Bxd8 Nxd1 13. Be7 Nxb2 14. Bxd6 Ncxd3 15. Bxf8 Rxf8 16. Rab1 Bxc4 17. f4 Na4 18. Rxb7 Ndc5 19. Rxa7 Bxe2 20. Re1 Bb5 21. Rxe5 Nd3 22. Ree7 Nc3 23. Bf1 Nd5 24. Red7 Nc5 25. Rxd5 cxd5 26. Bxb5 Rd8 27. Rc7 Ne6 28. Rd7 Kf8 29. Rxd8+ Nxd8 30. Kf2 Ke7 31. Ke3 Kd6 32. a4 Kc5 33. f5 Nb7 34. g4 Nd6 35. Bd7 h6 36. h4 f6 37. Kf4 Nc4 38. g5 hxg5+ 39. hxg5 Nb6 40. Bb5 Nc8 41. gxf6 gxf6 42. Be2 Kb4 43. Bb5 Nd6 44. Bd7 d4 45. Kf3 1/2-1/2

[Event "Fagernes TV2 Elo op"]
[Site "Fagernes"]
[Date "2017.04.09"]
[Round "1"]
[White "Dahl, Torbjorn"]
[Black "Greibrokk, Maria"]
[Result "1-0"]
[WhiteElo "1962"]
[BlackElo "1638"]
[PlyCount "47"]
[EventDate "2017.04.09"]
[EventType "swiss"]
[EventRounds "9"]
[EventCountry "NOR"]
[SourceTitle "CBM 177 Extra"]
[Source "ChessBase"]
[SourceDate "2017.04.27"]
[SourceVersion "1"]
[SourceVersionDate "2017.04.27"]
[SourceQuality "1"]

1. e4 c5 2. c3 d6 3. d4 cxd4 4. cxd4 Nf6 5. Nc3 g6 6. Bc4 Bg7 7. Nf3 0-0 8. Bb3 Nc6 9. 0-0 Bg4 10. Be3 Nd7 11. Qd2 Bxf3 12. gxf3 Qa5 13. Kh1 Rad8 14. Rg1 Qh5 15. f4 Qa5 16. Rg5 Qc7 17. Rag1 Na5 18. Nd5 Nxb3 19. axb3 Qb8 20. Nxe7+ Kh8 21. Nd5 b5 22. f3 Nb6 23. Nb4 Rc8 24. d5 1-0

[Event "Oslo op"]
[Site "Fornebu"]
[Date "2016.09.30"]
[Round "8"]
[White "Andersen, Guttorm"]
[Black "Greibrokk, Maria"]
[Result "1-0"]
[WhiteElo "1836"]
[BlackElo "1532"]
[PlyCount "65"]
[EventDate "2016.09.30"]
[EventType "swiss"]
[EventRounds "9"]
[EventCountry "NOR"]
[SourceTitle "EXT 2018"]
[Source "ChessBase"]
[SourceDate "2017.10.13"]
[SourceVersion "1"]
[SourceVersionDate "2017.10.13"]
[SourceQuality "1"]

1. d4 Nf6 2. c4 g6 3. Nc3 Bg7 4. e4 d6 5. f4 Nbd7 6. e5 dxe5 7. fxe5 Ng8 8. Nf3 Nh6 9. Bf4 0-0 10. Bd3 Nb6 11. Qd2 c6 12. 0-0 Bg4 13. Qf2 Bxf3 14. gxf3 Qd7 15. Bxh6 Bxh6 16. Rad1 Qe6 17. f4 f5 18. d5 cxd5 19. cxd5 Qd7 20. Bc2 Kh8 21. Rd3 Rg8 22. Rh3 Bf8 23. Rd1 Rd8 24. Bb3 Rg7 25. Kh1 Qc7 26. Nb5 Qb8 27. Nd4 Rf7 28. Ne6 Rd7 29. Ng5 Rg7 30. Qd4 h5 31. Ne6 Rh7 32. Nxf8 Qxf8 33. e6+ 1-0

[Event "EU-ch U14 Girls 26th"]
[Site "Prague"]
[Date "2016.08.27"]
[Round "9"]
[White "Greibrokk, Maria"]
[Black "Plaza Reino, Leire"]
[Result "1-0"]
[WhiteElo "1567"]
[BlackElo "1124"]
[PlyCount "95"]
[EventDate "2016.08.18"]
[EventType "swiss"]
[EventRounds "9"]
[EventCountry "CZE"]
[SourceTitle "CBM 174 Extra"]
[Source "ChessBase"]
[SourceDate "2016.10.10"]
[SourceVersion "1"]
[SourceVersionDate "2016.10.10"]
[SourceQuality "1"]

1. e4 c5 2. Nf3 d6 3. d4 cxd4 4. Nxd4 Nf6 5. Nc3 a6 6. Be3 e5 7. Nb3 Be7 8. a4 0-0 9. Be2 Be6 10. 0-0 Nbd7 11. a5 Qc7 12. Qd3 Rac8 13. Rfe1 Bg4 14. Bxg4 Nxg4 15. Nd5 Qd8 16. Bb6 Nxb6 17. axb6 Nf6 18. Na5 Qd7 19. c3 Rfe8 20. Rad1 Nxd5 21. Qxd5 Rb8 22. f4 exf4 23. e5 Red8 24. Nc4 Bh4 25. Rf1 Qe6 26. exd6 Qxd5 27. Rxd5 Rd7 28. Ne5 Rdd8 29. Rxf4 Bf6 30. Ng4 Rd7 31. Nxf6+ gxf6 32. Rxf6 Rbd8 33. g4 Kg7 34. g5 Re8 35. Kf2 Re6 36. Rxe6 fxe6 37. Rd4 e5 38. Rd5 e4 39. Ke3 h6 40. gxh6+ Kxh6 41. Kxe4 Kg6 42. Ke5 Kf7 43. h4 a5 44. Rc5 Ke8 45. Rc8+ Rd8 46. Rxd8+ Kxd8 47. Ke6 Ke8 48. h5 1-0

[Event "EU-ch U14 Girls 26th"]
[Site "Prague"]
[Date "2016.08.22"]
[Round "5"]
[White "Greibrokk, Maria"]
[Black "Bellahcene, Meriem"]
[Result "0-1"]
[WhiteElo "1567"]
[BlackElo "1837"]
[PlyCount "84"]
[EventDate "2016.08.18"]
[EventType "swiss"]
[EventRounds "9"]
[EventCountry "CZE"]
[SourceTitle "CBM 174 Extra"]
[Source "ChessBase"]
[SourceDate "2016.10.10"]
[SourceVersion "1"]
[SourceVersionDate "2016.10.10"]
[SourceQuality "1"]

1. e4 c5 2. Nf3 Nc6 3. d4 cxd4 4. Nxd4 g6 5. Nc3 Bg7 6. Be3 Nf6 7. Bc4 Qa5 8. 0-0 0-0 9. Bb3 d6 10. h3 Bd7 11. Qd3 Nxd4 12. Bxd4 Bc6 13. Rad1 Nd7 14. Bxg7 Kxg7 15. f4 Qc5+ 16. Kh1 Rac8 17. f5 Nf6 18. Rf4 b5 19. a4 bxa4 20. Nxa4 Bxa4 21. Bxa4 Qe5 22. Rf3 Qxe4 23. Qxe4 Nxe4 24. Bb3 Rc5 25. fxg6 hxg6 26. Kg1 e6 27. Rfd3 d5 28. Rd4 Rb8 29. Kf1 a5 30. Ra1 Kf6 31. Ke2 Ke5 32. Rd3 f5 33. Ra4 Rb4 34. Ke3 Rxa4 35. Bxa4 Rc4 36. Ra3 g5 37. Bb5 Rxc2 38. Bf1 Rxb2 39. Rxa5 Rb3+ 40. Ke2 Ng3+ 41. Kf2 Nxf1 42. Kxf1 Rb2 0-1

[Event "Oslo Sveins op 9th"]
[Site "Oslo"]
[Date "2016.06.24"]
[Round "7"]
[White "Greibrokk, Maria"]
[Black "Sundsbo, Sigve"]
[Result "0-1"]
[WhiteElo "1596"]
[BlackElo "1745"]
[PlyCount "92"]
[EventDate "2016.06.24"]
[EventType "swiss"]
[EventRounds "9"]
[EventCountry "NOR"]
[SourceTitle "CBM 173 Extra"]
[Source "ChessBase"]
[SourceDate "2016.08.29"]
[SourceVersion "1"]
[SourceVersionDate "2016.08.29"]
[SourceQuality "1"]

1. e4 e6 2. d4 d5 3. Nd2 c5 4. exd5 Qxd5 5. Ngf3 cxd4 6. Bc4 Qd6 7. 0-0 Nf6 8. Nb3 Nc6 9. Nbxd4 Nxd4 10. Qxd4 Qxd4 11. Nxd4 Bd7 12. Nb5 Rc8 13. Bd3 a6 14. Nc3 Bc6 15. Bf4 Be7 16. Rfe1 0-0 17. Rad1 Bb4 18. Re2 Bxc3 19. bxc3 Bd5 20. c4 Bxc4 21. Bxc4 Rxc4 22. Be3 Rfc8 23. h3 Nd5 24. Rc1 Kf8 25. Rd2 Ke7 26. Bd4 f6 27. a3 Ra4 28. Bb2 Nb6 29. Rd3 Nc4 30. Rb3 b5 31. Ra1 Nxb2 32. Rxb2 Rc3 33. Rba2 Kd6 34. Kf1 Kc6 35. Ke2 e5 36. Kd2 Kc5 37. Ke2 Kc6 38. Kd2 Rac4 39. Rb2 f5 40. Rba2 h5 41. Re1 Kd5 42. f3 h4 43. Rc1 e4 44. fxe4+ fxe4 45. Re1 Rg3 46. Re2 Kd4 0-1

[Event "Oslo Sveins op 9th"]
[Site "Oslo"]
[Date "2016.06.24"]
[Round "9"]
[White "Tenold, Andreas"]
[Black "Greibrokk, Maria"]
[Result "1/2-1/2"]
[WhiteElo "1628"]
[BlackElo "1596"]
[PlyCount "72"]
[EventDate "2016.06.24"]
[EventType "swiss"]
[EventRounds "9"]
[EventCountry "NOR"]
[SourceTitle "CBM 173 Extra"]
[Source "ChessBase"]
[SourceDate "2016.08.29"]
[SourceVersion "1"]
[SourceVersionDate "2016.08.29"]
[SourceQuality "1"]

1. d4 Nf6 2. c4 g6 3. Nc3 Bg7 4. e3 0-0 5. Nf3 d6 6. Bd3 Nbd7 7. 0-0 e5 8. Re1 Re8 9. Qc2 exd4 10. exd4 Rxe1+ 11. Nxe1 c5 12. Be3 Ng4 13. dxc5 Nxe3 14. fxe3 dxc5 15. Rd1 Qg5 16. Qe2 Bh6 17. Nd5 Ne5 18. Kh1 Nxd3 19. Qxd3 Bf5 20. e4 Bg4 21. Nf3 Qd8 22. h3 Be6 23. Qb3 b6 24. e5 Kh8 25. g4 Bg7 26. Kh2 Qb8 27. Qe3 f6 28. Re1 fxe5 29. Nxe5 Qd6 30. Qe4 Re8 31. Kg1 Bxd5 32. Nxg6+ hxg6 33. Qxe8+ Kh7 34. cxd5 Qg3+ 35. Kf1 Qf3+ 36. Kg1 Qg3+ 1/2-1/2

[Event "NOR-ch U16"]
[Site "Stavanger"]
[Date "2016.06.05"]
[Round "1"]
[White "Lindbol, Aleksander"]
[Black "Greibrokk, Maria"]
[Result "1-0"]
[WhiteElo "2038"]
[BlackElo "1664"]
[PlyCount "83"]
[EventDate "2017.07.01"]
[EventType "swiss"]
[EventRounds "9"]
[EventCountry "NOR"]
[SourceTitle "EXT 2018"]
[Source "ChessBase"]
[SourceDate "2017.10.13"]
[SourceVersion "1"]
[SourceVersionDate "2017.10.13"]
[SourceQuality "1"]

1. c4 g6 2. Nc3 Bg7 3. d4 Nf6 4. e4 d6 5. h3 0-0 6. Nf3 e5 7. d5 Nbd7 8. Bd3 h6 9. Be3 Nh5 10. Qd2 g5 11. 0-0-0 Nf4 12. Bf1 a6 13. g3 Ng6 14. h4 f6 15. Kb1 Nb6 16. Ne1 Bd7 17. c5 Na4 18. c6 Nxc3+ 19. Qxc3 bxc6 20. dxc6 Be6 21. Bc4 Qe7 22. h5 Nh8 23. Nd3 Nf7 24. Nb4 Bxc4 25. Qxc4 Rfb8 26. Nxa6 Re8 27. Nb4 Qd8 28. Nd5 Qc8 29. Rd3 Kf8 30. Rb3 Nd8 31. Re1 f5 32. Bd2 f4 33. gxf4 exf4 34. Bc3 Be5 35. f3 Ra6 36. Bxe5 Rxe5 37. Nf6 Re6 38. Rb8 Rxc6 39. Qxc6 Qxb8 40. Nd7+ Kf7 41. Nxb8 Nxc6 42. Nxc6 1-0

[Event "Nordic-ch U20 Girls"]
[Site "Alta"]
[Date "2016.04.30"]
[Round "3"]
[White "Greibrokk, Maria"]
[Black "Sajjadi, Kimiya"]
[Result "0-1"]
[WhiteElo "1523"]
[BlackElo "1835"]
[PlyCount "64"]
[EventDate "2016.04.29"]
[EventType "tourn"]
[EventRounds "5"]
[EventCountry "NOR"]
[SourceTitle "EXT 2024"]
[Source "ChessBase"]
[SourceDate "2023.10.10"]
[SourceVersion "1"]
[SourceVersionDate "2023.10.10"]
[SourceQuality "1"]

1. e4 e6 2. d4 d5 3. Nd2 c5 4. exd5 Qxd5 5. Ndf3 Nc6 6. Be3 Nf6 7. Ne2 cxd4 8. Nexd4 a6 9. Nxc6 Qxc6 10. Be2 Bd6 11. Bd4 Qc7 12. Bxf6 gxf6 13. Qd2 Bd7 14. g3 Ke7 15. 0-0-0 Rac8 16. Rhe1 a5 17. Nd4 Bb4 18. c3 Ba4 19. Nc2 Rhd8 20. Qe3 Bc5 21. Qe4 Bc6 22. Qh4 Rxd1+ 23. Bxd1 b5 24. Kb1 b4 25. c4 Rd8 26. Qxh7 a4 27. g4 Qd6 28. Ne3 Bxe3 29. fxe3 Qd2 30. Rf1 a3 31. Qc2 Be4 32. Qxe4 Qxb2# 0-1

[Event "NOR-ch U16/18 Girls"]
[Site "Oslo"]
[Date "2016.02.12"]
[Round "1"]
[White "Greibrokk, Maria"]
[Black "Rodsmoen, Maud"]
[Result "0-1"]
[WhiteElo "1360"]
[BlackElo "1910"]
[PlyCount "68"]
[EventDate "2016.02.12"]
[EventType "swiss"]
[EventRounds "5"]
[EventCountry "NOR"]
[SourceTitle "EXT 2024"]
[Source "ChessBase"]
[SourceDate "2023.10.10"]
[SourceVersion "1"]
[SourceVersionDate "2023.10.10"]
[SourceQuality "1"]

1. e4 c5 2. Nf3 e6 3. d4 cxd4 4. Nxd4 Nc6 5. Nc3 Qc7 6. Bc4 a6 7. Bg5 Ne5 8. Bd3 Nf6 9. 0-0 Bd6 10. Bh4 Nxd3 11. cxd3 Bxh2+ 12. Kh1 Be5 13. Nde2 Ng4 14. Bg3 Bxg3 15. Nxg3 Qf4 16. Kg1 Qg5 17. Re1 h5 18. f3 Ne5 19. Kf2 h4 20. Nge2 b5 21. Rh1 Qf6 22. Ke1 g5 23. Qd2 h3 24. Qe3 hxg2 25. Rxh8+ Qxh8 26. Kd2 Qf6 27. Ng1 g4 28. f4 Ng6 29. Nge2 Nh4 30. Qg3 Bb7 31. Rb1 0-0-0 32. Nd1 Nf3+ 33. Kc2 Qe7 34. Nec3 g1Q 0-1

[Event "NOR-ch U14"]
[Site "Bergen"]
[Date "2015.11.??"]
[Round "6"]
[White "Tryggestad, Andreas Garberg"]
[Black "Greibrokk, Maria"]
[Result "1-0"]
[WhiteElo "2034"]
[BlackElo "1323"]
[PlyCount "69"]
[EventDate "2015.11.13"]
[EventType "swiss"]
[EventRounds "7"]
[EventCountry "NOR"]
[SourceTitle "EXT 2024"]
[Source "ChessBase"]
[SourceDate "2023.10.10"]
[SourceVersion "1"]
[SourceVersionDate "2023.10.10"]
[SourceQuality "1"]

1. d4 Nf6 2. c4 e5 3. dxe5 Ng4 4. e4 Nxe5 5. f4 Nec6 6. Be3 Bb4+ 7. Nd2 d6 8. Bd3 Nd7 9. Ne2 b6 10. 0-0 Bb7 11. Ng3 Nf6 12. Nb3 Bc5 13. Nxc5 bxc5 14. e5 Nd7 15. Nf5 0-0 16. exd6 cxd6 17. Nxd6 Qc7 18. Nxb7 Qxb7 19. b3 Ne7 20. Qc2 h6 21. Be4 Nc6 22. Rad1 Qc7 23. Qf2 Rfe8 24. Bd5 Nf6 25. Bxc5 Nxd5 26. Rxd5 Ne7 27. Bxe7 Qxe7 28. Rfd1 a5 29. Rd7 Qb4 30. Qd2 Qc5+ 31. Qd4 Qxd4+ 32. R7xd4 Re2 33. R1d2 Rae8 34. Rd8 Rxd8 35. Rxe2 1-0

[Event "Oslo Sveins op 8th"]
[Site "Oslo"]
[Date "2015.06.22"]
[Round "7"]
[White "Olsen, William Sandberg"]
[Black "Greibrokk, Maria"]
[Result "0-1"]
[WhiteElo "1645"]
[BlackElo "1377"]
[PlyCount "30"]
[EventDate "2015.06.19"]
[EventType "swiss"]
[EventRounds "9"]
[EventCountry "NOR"]
[SourceTitle "CBM 167 Extra"]
[Source "ChessBase"]
[SourceDate "2015.09.14"]
[SourceVersion "1"]
[SourceVersionDate "2015.09.14"]
[SourceQuality "1"]

1. d4 Nf6 2. c4 e5 3. dxe5 Ng4 4. Nf3 Nc6 5. Nc3 Ngxe5 6. Nxe5 Nxe5 7. e4 Bb4 8. Qb3 Ba5 9. Be2 0-0 10. 0-0 d6 11. Be3 Be6 12. f4 Ng4 13. Nd5 Nxe3 14. Qxe3 Bxd5 15. exd5 Bb6 0-1

[Event "Oslo Sveins op 8th"]
[Site "Oslo"]
[Date "2015.06.19"]
[Round "1"]
[White "Toby, Albert"]
[Black "Greibrokk, Maria"]
[Result "1-0"]
[WhiteElo "2053"]
[BlackElo "1377"]
[PlyCount "29"]
[EventDate "2015.06.19"]
[EventType "swiss"]
[EventRounds "9"]
[EventCountry "NOR"]
[SourceTitle "CBM 167 Extra"]
[Source "ChessBase"]
[SourceDate "2015.09.14"]
[SourceVersion "1"]
[SourceVersionDate "2015.09.14"]
[SourceQuality "1"]

1. d4 Nf6 2. Bg5 e6 3. e4 d6 4. Bd3 Nc6 5. c3 Be7 6. f4 0-0 7. Nd2 b6 8. Qf3 Bb7 9. Qh3 Nb8 10. e5 dxe5 11. fxe5 Ne4 12. Bxe7 Qxe7 13. Nxe4 g6 14. Nf6+ Kg7 15. Qxh7# 1-0